000 00771cam a2200217 a 4500
020 _a0030928583 (alk. paper)
082 0 0 _a624
_bKEM
_cN-01, P-149.
100 1 _aKemper, John Dustin.
_940486
245 1 0 _aIntroduction to the engineering profession /
_cJohn Dustin Kemper.
250 _a2nd ed.
260 _aFort Worth [Tex.] :
_bSaunders College Pub.,
_cc1993.
300 _axv, 622 p. :
_bill. ;
_c25 cm.
500 _aIncludes index.
526 _a0
_b0
_c0
_d624_000000000000000_KEM
650 0 _aEngineering
_xVocational guidance.
_940490
650 0 _aEngineering.
650 0 _aMCE
_9379
856 4 1 _uhttp://www.loc.gov/catdir/enhancements/fy0635/92054104-t.html
856 4 2 _uhttp://www.loc.gov/catdir/enhancements/fy0635/92054104-d.html
942 _2ddc
_cBK
999 _c546172
_d546172